000 01007nam a2200313 i 4500
003 EG-GICUC
005 20260123202348.0
008 260123s1937 fr ||||fr|||| 000 0 fre d
040 _aEG-GiCUC
_bfre
_cEG-GiCUC
_dEG-GiCUC
_eRda
041 _afre
082 0 4 _221
_a341.22
_bVO . A
092 0 4 _221
099 _aLaw1 11 341.22 VO . A 1937
100 1 _aVoronoff, Tatiana
_eAuteur
245 1 2 _aL'article 16 Du Pacte De La Société Des Nations /
_cTatiana Voronoff.
264 1 _a Paris :
_bLibrairie Du Recueil Sirey,
_c1937.
300 _a247 page ;
_c 24 cm.
_billustration ;
336 _2rda contenu
_a texte
337 _2rda medias
_aOrdinateur
338 _2 transporteur rda
_a Ressource en ligne
504 _aBibliography: pages 240-245.
546 _aTexte en français
650 1 4 _aSociété des Nations
_2qrmak
650 1 4 _aDroit international
651 1 _2qrmak
856 4 0 _uhttps://fll.law.cu.edu.eg/fulltext/bks/811-06972.pdf
905 _a79
942 _2ddc
_cBK
_e21
_n0
999 _c58804
_d58804